Squadre state in Serie A che iniziano con la A - Statistics

Statistiche generali
  • Questo quiz è stato fatto 128 volte
  • Il punteggio medio è 4 su 5
Statistiche sulle risposte
Stagioni in Serie A Ultima stagione in Serie A Squadra % Corretto
63 2023-2024 Atalanta
96%
2 2003-2004 Ancona
87%
16 2006-2007 Ascoli
82%
10 1987-1988 Avellino
72%
13 1959-1960 Alessandria
63%
Nessun quiz corrispondente trovato
Distribuzione punteggi
Percentuale di utenti per punteggio
Percentile per numero di risposta
I tuoi punteggi nel tempo
Non hai fatto questo quiz